| 000 | 00825nam a2200181 i 4500 | ||
|---|---|---|---|
| 001 | 165271 | ||
| 003 | ES-MaACL | ||
| 005 | 20230906213112.0 | ||
| 008 | 960320s1828 sp |||| | spa d | ||
| 100 | 1 |
_aServan, Joseph Michel Antoine. _9132685 |
|
| 245 | 1 | 0 |
_aColección de discursos forenses _b: sobre la legislación y administración de la justicia en general ... / _csacados de las obras escogidas del célebre Mr. Servan ... ; traducidos de la segunda edición francesa y arreglados a nuestras costumbres por D.J.M. de S.M. |
| 260 |
_aMadrid : _bLib. de Cuesta, _c1828 ( _fImp. de D.M. de Burgos) |
||
| 300 |
_aXXIV, 355, [4] p. ; _c16 cm. |
||
| 597 | _aSignaturizado. | ||
| 650 | 4 |
_aDelitos. _9166054 |
|
| 752 |
_aEspaña - _dMadrid |
||
| 852 |
_aES-MaACL _jD-3873 _z- Enc. pasta española, conservando cub. original |
||
| 999 |
_c165271 _d165271 |
||